01517nam a2200241Ia 4500001000600000003000900006008004100015040001300056040001300069041001300082100002300095100002900118245003900147245008600186250001100272260001200283260001300295260004900308300005700357500080200414650002801216650003101244H5896IT-RoPAU130308s9999 xx 000 0 und d aIT-RoPAU cIT-RoPAU aITALIANO aFerdinand Reinhold gCodice Aut. SPICS: 58296 aArchivio della Zdf (Germania) (L') bArchivi Televisivi e storia Contemporanea. Quattro Esperienze Europee a Confronto a1a ed. aVENEZIA bMarsilio c1999 [1° Ed.:1999 - Ed.Ling.Originale:1999] a"12 p. (prefazione: no ; testo: 12 [pagine: 47-58])" aNota Preliminare. compiti ed Organizzazione dell'archivio Televisivo. compiti degli Archivi. Fondamenti legali per le Attività degli Archivi Televisivi. strutture Organizzative degli Archivi Televisivi e Radiofonici in Germania. raccolte di programmi Radio Televisivi Negli Archivi. preservazione Alungo Termine degli Archivi Radio Televisivi. Uso degli Stock di Materialeradio Televisivo. che Tipo di Materiale Esiste nell'Archivio. Sono produzioni della Vostra Rete televisiva Possedete I Diritti o ci Sono Anche Altri Tipi di Materiali? Quali Sono I Criteri Generali di scelta del Materiale da Collocare in Archivio. che Tipo di Catalogo Esiste. Chi e Come Puo' Ottenere l'accesso al Materiale. Come Affrontare Il Problema degli Standard del Materiale, che Stanno cambiando Continuamente. aSAGGI SULLA TELEVISIONE eCodice materia Spics: 6961